000 00754nam a2200229Ia 4500
001 9287
003 GE_BSU
008 181216s||||||||xx |||||||||||||| ||und||
040 _cGE_BSU
080 _a821.353.1–32
100 _aდოჩანაშვილი,გურამ
245 _aმთის გადაღმა
245 _bმოთხრობები
245 _cრედ. ც. ჩხეიძე.მხატვ. ტ. შეყილაძე
260 _aთბილისი
260 _bლიტერატურა და ხელოვნება
260 _c1966
300 _a136გვ.16სმ.
653 _aმთის გადაღმა
653 _aმოთხრობები
942 _cBK
999 _c42585
_d42585